000 00693nam a2200289Ia 4500
005 20260324120431.0
008 008 260324s9999 xx 000 0 eng d
020 _a9781315653624
037 _aEBOOK
040 _aCRL
040 _beng
040 _cCRL
041 _2eng
041 _aeng
084 _qCRL
100 _aJeroen Puttevils
_91158555
245 0 _aMerchants and Trading in the Sixteenth Century
245 4 _bThe Golden Age of Antwerp
260 _bTaylor and Francis
260 _c2015
365 _a
365 _b255
856 _uhttp://www.taylorfrancis.com/books/9781315653624
942 _cEBOOK
999 _c1750085
_d1750085